000
00332nam a2200133Ia 4500
008
230503s9999 xx 000 0 und d
020
_a
9788125914648
082
_a
004.64
100
_a
NAIDU,N Chandrababu
245
_a
Silicon Valley Greats
260
_a
Delhi
_b
Vikash Publishing house
_c
2003
300
_a
286p.
942
_c
BK
_2
ddc
999
_c
2247
_d
2247